Organic chemistry : (Record no. 329795)

000 -LEADER
fixed length control field 00980pam a2200265 a 4500
001 - CONTROL NUMBER
control field 1180862
003 - CONTROL NUMBER IDENTIFIER
control field NUST
005 - DATE AND TIME OF LATEST TRANSACTION
control field 20170523105816.0
008 - FIXED-LENGTH DATA ELEMENTS--GENERAL INFORMATION
fixed length control field 970613s1998 nyua 001 0 eng
010 ## - LIBRARY OF CONGRESS CONTROL NUMBER
LC control number 97022455
020 ## - INTERNATIONAL STANDARD BOOK NUMBER
International Standard Book Number 0716727218
040 ## - CATALOGING SOURCE
Original cataloging agency DLC
Transcribing agency DLC
Modifying agency DLC
050 00 - LIBRARY OF CONGRESS CALL NUMBER
Classification number QD251.2
Item number .V65 1998
082 00 - DEWEY DECIMAL CLASSIFICATION NUMBER
Classification number 547 VOL
Edition number 21
100 1# - MAIN ENTRY--PERSONAL NAME
Personal name Vollhardt, K. Peter C.
9 (RLIN) 1295
245 10 - TITLE STATEMENT
Title Organic chemistry :
Remainder of title structure and function.
250 ## - EDITION STATEMENT
Edition statement 3rd ed. /
Remainder of edition statement K. Peter C. Vollhardt, Neil E. Schore.
260 ## - PUBLICATION, DISTRIBUTION, ETC.
Place of publication, distribution, etc. New York :
Name of publisher, distributor, etc. W.H. Freeman,
Date of publication, distribution, etc. c1999.
300 ## - PHYSICAL DESCRIPTION
Extent xxxiii, 1210 p. :
Other physical details ill. (some col.) ;
Dimensions 26 cm. +
Accompanying material 1 computer laser optical disc (4 3/4 in.)
500 ## - GENERAL NOTE
General note Includes index.
501 ## - WITH NOTE
With note H.B
650 #0 - SUBJECT ADDED ENTRY--TOPICAL TERM
Topical term or geographic name entry element Chemistry, Organic.
9 (RLIN) 1252
700 1# - ADDED ENTRY--PERSONAL NAME
Personal name Schore, Neil Eric,
Dates associated with a name 1948-
9 (RLIN) 1296
906 ## - LOCAL DATA ELEMENT F, LDF (RLIN)
a 7
b cbc
c orignew
d 1
e ocip
f 19
g y-gencatlg
942 ## - ADDED ENTRY ELEMENTS (KOHA)
Source of classification or shelving scheme
Koha item type Book
Call number prefix 547 VOL
Holdings
Withdrawn status Lost status Source of classification or shelving scheme Damaged status Not for loan Collection code Permanent Location Current Location Shelving location Date acquired Total Checkouts Full call number Barcode Date last seen Price effective from Koha item type
            Institute of Environmental Science and Engineering (IESE) Institute of Environmental Science and Engineering (IESE) General Stacks 05/23/2017   547 VOL IESE-981 05/23/2017 05/23/2017 Book
© 2023 Central Library, National University of Sciences and Technology. All Rights Reserved.